Alle Deutschen Stadien mit mehr als 40000 Zuschauern (Sudden Death) - Statistiken

Allgemein
  • Dieses Quiz wurde 1.516 mal gespielt
  • Das Durchschnittsergebnis liegt bei 9 aus 15
Answers on the Grid
Answers color-coded by a green-red scale on the quiz's grid according to % correct below.
Allianz Arena
Avnet Arena
Bay Arena
Borussia Park
Deutsche Bank Park
Europa-Park-Stadion
Fritz-Walter-Stadion
Heinz von Heiden Arena
Max-Morlock-Stadion
Merkur-Spiel-Arena
Mewa Arena
MHP Arena
Millerntor-Stadion
Olympiastadion
Ostseestadion
PreZero Arena
Red Bull Arena
Rheinenergiestadion
Rudolf-Harbig-Stadion
Ruhrstadion
Schauinsland-Reisen-Arena
Schüco-Arena
Signal Iduna Park
Tivoli
Veltins Arena
Volksparkstadion
Volkswagen Arena
Weserstadion
Wildparkstadion
WWK-Arena
 
Antwortstatistiken
Antwort % Korrekt
Allianz Arena
97%
Borussia Park
77%
Olympiastadion
68%
Deutsche Bank Park
67%
Signal Iduna Park
66%
Veltins Arena
63%
Red Bull Arena
59%
Fritz-Walter-Stadion
54%
Volksparkstadion
54%
Weserstadion
54%
Rheinenergiestadion
53%
Max-Morlock-Stadion
43%
Merkur-Spiel-Arena
43%
Heinz von Heiden Arena
37%
MHP Arena
32%
Keine übereinstimmenden Quizze gefunden
Verteilung der Resultate
Anzahl Personen mit jedem Resultat
Perzentil nach korrekt beantworteten Fragen
Ihre Resultats-Entwicklung
Sie haben dieses Quiz noch nicht gespielt